000 00409nam a22001697a 4500
005 20260402143559.0
008 260402b |||||||| |||| 00| 0 eng d
020 _a9789384852504
041 _aEnglish
082 _a340.59 AHM
100 _aAhmad, Aquil
245 _aMohammedan Law
260 _aAllahabad :
_bCentral Law Agency,
_c2016.
300 _a429 p
650 _aMohammedan Law
942 _cDB
999 _c9593
_d9593